000 00440nam a22001817a 4500
999 _c522574
_d522574
001 12345
003 NUST
005 20181108111428.0
038 _awaseem
040 _aNUST
082 _a891.4391
_bUSM
100 _aUsmani, Memoona Zahoor
_912590
245 _aHarf Harf Kitab /
_cMemoona Zahoor Usmani
260 _aIslamabad :
_bManzil,
_c2018.
300 _a166 p. ;
880 _6245-02\r
_aحرف حرف کتاب
942 _2ddc
_cBK